000 00882nam a2200265Ia 4500
003 OSt
005 20220930092856.0
006 a|||||r|||| 00| 0
007 ta
008 220926b |||||||| |||| 00| 0 eng d
024 _a25820
037 _cTheses
040 _aCRL
_cCRL
_beng
041 _2eng
_aeng
100 _aGupta Gaurav
_9539747
110 _aUniversity of Delhi. Faculty of Medical Sciences. Department of Kayachikitsa
245 0 _aClinical evaluation of lodhradi lepa and manjistha kwath in yuvanpidka W. S. R. to acne vulgaris
260 _c2014
650 _aMEDICINE
700 _a Dr. Sujata Yadav Gu.
700 _a Prof. Rajni Sushma Gu.
700 _aUniversity of Delhi. Faculty of Medical Sciences. Department of Kayachikitsa
942 _cDIS
_2CC
999 _c884434
_d884434